FC Bayern München 2022/2023 - Statistiken

Allgemein
  • Dieses Quiz wurde 377 mal gespielt
  • Das Durchschnittsergebnis liegt bei 19 aus 24
Antwortstatistiken
Hint Antwort % Korrekt
Deutschland Neuer
99%
Deutschland Kimmich
95%
Senegal Mane
94%
Deutschland/Elfenbeinküste Gnabry
93%
Deutschland Goretzka
91%
Deutschland Müller
91%
Deutschland/Frankreich Sane
91%
Kanada/Liberia Davies
90%
Niederlande De Ligt
89%
Deutschland/England Musiala
89%
Frankreich/Guadeloupe Coman
86%
Frankreich/Guinea-Bissau Upamecano
86%
Frankreich Pavard
85%
Deutschland Ulreich
85%
Österreich Sabitzer
83%
Frankreich/Spanien Hernandez
80%
Kamerun/Deutschland Choupo-Moting
78%
Niederlande/Suriname Gravenberch
74%
Kroatien/Deutschland Stanisic
72%
Marokko/Niederlande Mazraoui
69%
Frankreich Tel
68%
Senegal/Frankreich Sarr
56%
Deutschland/Österreich Wanner
47%
Deutschland Schenk
36%
Keine übereinstimmenden Quizze gefunden
Verteilung der Resultate
Anzahl Personen mit jedem Resultat
Perzentil nach korrekt beantworteten Fragen
Ihre Resultats-Entwicklung
Sie haben dieses Quiz noch nicht gespielt